000 00765nam a2200253Ia 4500
003 OSt
005 20220928123951.0
006 a|||||r|||| 00| 0
007 ta
008 220927b |||||||| |||| 00| 0 eng d
020 _cUSD 145.00
024 _a141953
037 _b49, 08/01/2020, Better Book Service
_cTextual
040 _aSDCL
_cSDCL
_beng
041 _2eng
_aeng
082 _aSN1:(X:8), Q7
100 _aStefen W. Ed.
_9462777
245 0 _aBusiness psychology and organisational behaviour
260 _aNew York
_b Magnum Publishing
_c2017
300 _axv,297p.
_ccm.
650 _aApplied Psychology
942 _hSN1:(X:8), Q7
_cTEXL
_2CC
999 _c775743
_d775743